[Event "French Top 12 2013"]
[Site "Haguenau FRA"]
[Date "2013.06.06"]
[Round "8.2"]
[White "Sanikidze, Tornike"]
[Black "Krasenkow, Michal"]
[Result "0-1"]
[WhiteTitle "GM"]
[BlackTitle "GM"]
[WhiteElo "2549"]
[BlackElo "2642"]
[WhiteTeam "C.E. Strasbourg"]
[BlackTeam "L'Echiquier Chalonnais"]
[WhiteFideId "13602608"]
[BlackFideId "1113100"]
[EventDate "2013.05.30"]

1. d4 d5 2. c4 e6 3. Nf3 c6 4. Qc2 dxc4 5. Qxc4 Nf6 6. Bg5 b5 7. Qc2 Bb7 8. e3
Nbd7 9. Bd3 Rc8 10. Qe2 a6 11. a4 c5 12. axb5 cxd4 13. O-O Bxf3 14. Qxf3 Ne5 15.
Qe2 dxe3 16. Bc2 exf2+ 17. Kh1 a5 18. Nc3 Neg4 19. b6 Be7 20. Qb5+ Nd7 21. Bf4
Qxb6 22. Ba4 Qxb5 23. Bxb5 Bb4 24. Rad1 Nf6 25. Bg5 Rc7 26. Bxf6 gxf6 27. Rxf2
Ke7 28. Rdf1 Ne5 29. Rxf6 Bxc3 30. bxc3 Rxc3 31. h3 Rb8 32. Be2 Rcb3 33. Rh6 a4
34. Rxh7 a3 35. Rh4 Ra8 36. Rd4 a2 37. Rdd1 Rb2 38. Bh5 Rh8 39. g4 Rhb8 0-1

[Event "French Top 12 2013"]
[Site "Haguenau FRA"]
[Date "2013.06.06"]
[Round "8.3"]
[White "David, Alberto"]
[Black "Rozentalis, Eduardas"]
[Result "1/2-1/2"]
[WhiteTitle "GM"]
[BlackTitle "GM"]
[WhiteElo "2584"]
[BlackElo "2611"]
[WhiteTeam "L'Echiquier Chalonnais"]
[BlackTeam "C.E. Strasbourg"]
[WhiteFideId "4000013"]
[BlackFideId "12800023"]
[EventDate "2013.05.30"]

1. d4 Nf6 2. c4 e6 3. Nf3 b6 4. g3 Bb7 5. Bg2 Be7 6. O-O O-O 7. d5 exd5 8. Nh4
c6 9. cxd5 Nxd5 10. Nf5 Nc7 11. Nc3 d5 12. e4 Bf6 13. exd5 cxd5 14. Bf4 Nba6 15.
Nd6 1/2-1/2

[Event "French Top 12 2013"]
[Site "Haguenau FRA"]
[Date "2013.06.06"]
[Round "8.4"]
[White "Vitoux, Colomban"]
[Black "Sokolov, Ivan"]
[Result "0-1"]
[WhiteTitle "IM"]
[BlackTitle "GM"]
[WhiteElo "2388"]
[BlackElo "2642"]
[WhiteTeam "C.E. Strasbourg"]
[BlackTeam "L'Echiquier Chalonnais"]
[WhiteFideId "628549"]
[BlackFideId "14400030"]
[EventDate "2013.05.30"]

1. e4 e5 2. Nf3 Nc6 3. Bc4 Nf6 4. d3 h6 5. c3 d6 6. Nbd2 g6 7. d4 Bg7 8. O-O O-O
9. dxe5 dxe5 10. Bb5 Nh5 11. Nc4 Be6 12. Qe2 Nf4 13. Bxf4 exf4 14. Bxc6 bxc6 15.
Rad1 Qe7 16. Nd4 Bd7 17. Na5 c5 18. Ndc6 Qe6 19. Qb5 Rfb8 20. Qxc5 Rxb2 21. Ne7+
Kh7 22. Nd5 Rb5 23. Qxc7 Be5 24. Nb3 Bxc7 25. Nxc7 Qe7 0-1

[Event "French Top 12 2013"]
[Site "Haguenau FRA"]
[Date "2013.06.06"]
[Round "8.6"]
[White "Roos, Louis"]
[Black "Salgado Lopez, Ivan"]
[Result "1-0"]
[WhiteTitle "IM"]
[BlackTitle "GM"]
[WhiteElo "2373"]
[BlackElo "2598"]
[WhiteTeam "C.E. Strasbourg"]
[BlackTeam "L'Echiquier Chalonnais"]
[WhiteFideId "600288"]
[BlackFideId "2257327"]
[EventDate "2013.05.30"]

1. Nf3 Nf6 2. d4 c5 3. c3 b6 4. Bg5 Bb7 5. e3 d6 6. Nbd2 Nbd7 7. h3 g6 8. a4 a6
9. Bd3 Bg7 10. O-O O-O 11. Re1 h6 12. Bh4 Nh5 13. g4 Nhf6 14. e4 cxd4 15. cxd4
h5 16. Ng5 e5 17. Nc4 Qb8 18. d5 b5 19. axb5 axb5 20. Na5 Nc5 21. b4 Nxd3 22.
Qxd3 hxg4 23. hxg4 Nxg4 24. Qxb5 Bc8 25. Qxb8 Rxb8 26. Nc6 Rb7 27. Ra7 Rxa7 28.
Nxa7 Bd7 29. Rc1 Rb8 30. Rc7 Nf6 31. Nxf7 Kxf7 32. Bxf6 Kxf6 33. Rxd7 Rxb4 34.
Nc8 Bf8 35. Rd8 Kf7 36. f3 g5 37. Nxd6+ Ke7 38. Re8+ Kxd6 39. Rxf8 g4 40. Kf2
gxf3 41. Kxf3 Kc5 42. Rc8+ Kd4 43. d6 Rb7 44. Rc7 Rb3+ 45. Ke2 Rb2+ 46. Kf3 Rb3+
47. Kg4 Kxe4 48. d7 Rd3 49. Rc4+ Ke3 50. Rc3 Rxc3 51. d8=Q Rc4+ 52. Kf5 e4 53.
Qd5 Rd4 54. Qc5 Kd3 55. Ke5 Rc4 56. Qb5 Kc3 57. Kd5 Rd4+ 58. Ke5 Rc4 59. Qa5+
Kb3 60. Kd5 Rb4 61. Qa6 Kc3 62. Kc5 Kb3 63. Qf1 Ra4 64. Qb5+ Ka3 65. Qb1 e3 66.
Qd3+ Kb2 67. Qe2+ Kb3 68. Qxe3+ Kb2 69. Qd2+ Kb3 70. Kb5 Ra3 71. Qd5+ Kc3 72.
Qf3+ Kb2 73. Qe2+ Kc3 74. Qe1+ Kb3 75. Qb1+ 1-0

[Event "French Top 12 2013"]
[Site "Haguenau FRA"]
[Date "2013.06.06"]
[Round "8.7"]
[White "Vernay, Clovis"]
[Black "Nicoara, Malina"]
[Result "1-0"]
[WhiteTitle "IM"]
[BlackTitle "WIM"]
[WhiteElo "2434"]
[BlackElo "2117"]
[WhiteTeam "L'Echiquier Chalonnais"]
[BlackTeam "C.E. Strasbourg"]
[WhiteFideId "633046"]
[BlackFideId "604631"]
[EventDate "2013.05.30"]

1. d4 Nf6 2. c4 d6 3. Nc3 e5 4. e3 Nbd7 5. Nf3 g6 6. Be2 Bg7 7. dxe5 dxe5 8. O-O
O-O 9. Qc2 c6 10. Rd1 Qe7 11. e4 Ne8 12. b3 Nc7 13. a4 a5 14. Ba3 Nc5 15. b4
axb4 16. Bxb4 N7a6 17. Ba5 Bg4 18. Rab1 Bxf3 19. Bxf3 Ne6 20. Qb2 Nd4 21. Be2
Rfe8 22. Bf1 h5 23. Bb6 Qg5 24. Ne2 c5 25. Nc3 Bh6 26. Nd5 Re6 27. Kh1 Qh4 28.
Re1 f5 29. exf5 gxf5 30. Ba5 b6 31. Bc3 Rae8 32. Qa2 Qd8 33. Rb2 Rg6 34. Reb1
Ree6 35. a5 bxa5 36. Qxa5 Qh4 37. g3 Qe4+ 38. Bg2 Qd3 39. Qd8+ Bf8 40. Bf1 Qe4+
41. Bg2 Qd3 42. Rb7 Nb4 43. Ra1 Nbc6 44. Qh4 Rh6 45. Qg5+ Reg6 46. Nf6+ Kh8 47.
Qxh6+ Rxh6 1-0

[Event "French Top 12 2013"]
[Site "Haguenau FRA"]
[Date "2013.06.06"]
[Round "8.8"]
[White "Letzelter, Jean-Claude"]
[Black "Benmesbah, Natacha"]
[Result "0-1"]
[WhiteTitle "FM"]
[BlackTitle "WIM"]
[WhiteElo "2111"]
[BlackElo "2237"]
[WhiteTeam "C.E. Strasbourg"]
[BlackTeam "L'Echiquier Chalonnais"]
[WhiteFideId "600652"]
[BlackFideId "642002"]
[EventDate "2013.05.30"]

1. e4 c5 2. Nf3 Nc6 3. Bb5 Nf6 4. Nc3 g6 5. e5 Ng4 6. Qe2 Bg7 7. Bxc6 dxc6 8. h3
Nh6 9. g4 O-O 10. d3 f6 11. Qe4 Nf7 12. Be3 fxe5 13. Bxc5 Nd6 14. Qe2 Qa5 15.
Qe3 Rxf3 16. Qxf3 Qxc5 17. O-O Be6 18. Qe2 Rf8 19. Na4 Qb4 20. b3 Qf4 21. Nc5
Bd5 22. c4 Bf3 23. Qe3 Qf6 24. Nd7 Qh4 25. Kh2 Bh6 26. Nxe5 Bf4+ 27. Qxf4 Rxf4
28. Rae1 Bxg4 0-1

[Event "French Top 12 2013"]
[Site "Haguenau FRA"]
[Date "2013.06.06"]
[Round "8.2"]
[White "Postny, Evgeny"]
[Black "Landa, Konstantin"]
[Result "1/2-1/2"]
[WhiteTitle "GM"]
[BlackTitle "GM"]
[WhiteElo "2637"]
[BlackElo "2644"]
[WhiteTeam "Club d'Echecs Metz Fischer"]
[BlackTeam "Vandoeuvre-Echecs"]
[WhiteFideId "2804344"]
[BlackFideId "4101685"]
[EventDate "2013.05.30"]

1. d4 Nf6 2. c4 e6 3. Nf3 d5 4. Nc3 Bb4 5. Bg5 h6 6. Bxf6 Qxf6 7. g3 O-O 8. Bg2
c5 9. cxd5 exd5 10. O-O Rd8 11. Rc1 c4 12. Ne5 Be6 13. b3 Nc6 14. bxc4 dxc4 15.
Nxc6 bxc6 16. e3 Rac8 17. Ne4 Qe7 18. Qa4 Bd5 19. Rfd1 Rb8 20. Qc2 Qe6 21. Nc3
Bxg2 22. Kxg2 c5 23. dxc5 Rxd1 24. Qxd1 Bxc3 25. Rxc3 Qc6+ 26. e4 Qxe4+ 27. Qf3
Qd4 28. Qf4 Qd5+ 29. Kh3 Qh5+ 30. Kg2 Qd5+ 31. Kh3 Qh5+ 32. Kg2 1/2-1/2

[Event "French Top 12 2013"]
[Site "Haguenau FRA"]
[Date "2013.06.06"]
[Round "8.4"]
[White "Koch, Jean-Rene"]
[Black "Brunner, Nicolas"]
[Result "1/2-1/2"]
[WhiteTitle "IM"]
[BlackTitle "IM"]
[WhiteElo "2473"]
[BlackElo "2412"]
[WhiteTeam "Club d'Echecs Metz Fischer"]
[BlackTeam "Vandoeuvre-Echecs"]
[WhiteFideId "600148"]
[BlackFideId "620246"]
[EventDate "2013.05.30"]

1. c4 c5 2. g3 g6 3. Bg2 Bg7 4. Nc3 Nc6 5. Nf3 e5 6. O-O d6 7. a3 a5 8. Ne1 Be6
9. d3 Nge7 10. Nd5 O-O 11. Rb1 Rb8 12. Bg5 f6 13. Bd2 b5 14. Nxe7+ Nxe7 15. cxb5
Rxb5 16. b4 axb4 17. axb4 cxb4 18. Qa4 Ra5 19. Qxb4 Ra2 20. Rb2 Rxb2 21. Qxb2
Qb8 22. Qa3 Nd5 23. Nc2 Rc8 24. Nb4 Nxb4 25. Qxb4 1/2-1/2

[Event "French Top 12 2013"]
[Site "Haguenau FRA"]
[Date "2013.06.06"]
[Round "8.5"]
[White "Nezar, Mustapha"]
[Black "Wirig, Anthony"]
[Result "1/2-1/2"]
[WhiteTitle "IM"]
[BlackTitle "GM"]
[WhiteElo "2396"]
[BlackElo "2498"]
[WhiteTeam "Vandoeuvre-Echecs"]
[BlackTeam "Club d'Echecs Metz Fischer"]
[WhiteFideId "608637"]
[BlackFideId "615013"]
[EventDate "2013.05.30"]

1. d4 d5 2. c4 c6 3. cxd5 cxd5 4. Nc3 Nf6 5. Nf3 Nc6 6. Bf4 Bf5 7. e3 e6 8. Qb3
Bb4 9. Bb5 O-O 10. O-O Bxc3 11. Qxc3 Rc8 1/2-1/2

[Event "French Top 12 2013"]
[Site "Haguenau FRA"]
[Date "2013.06.06"]
[Round "8.6"]
[White "Terrieux, Kevin"]
[Black "Le Corre, Benjamin"]
[Result "1-0"]
[WhiteTitle "IM"]
[BlackTitle "FM"]
[WhiteElo "2427"]
[BlackElo "2300"]
[WhiteTeam "Club d'Echecs Metz Fischer"]
[BlackTeam "Vandoeuvre-Echecs"]
[WhiteFideId "622591"]
[BlackFideId "639605"]
[EventDate "2013.05.30"]

1. d4 Nf6 2. c4 g6 3. Nc3 Bg7 4. e4 d6 5. f3 O-O 6. Nge2 Nc6 7. Bg5 a6 8. d5 Ne5
9. Nd4 Rb8 10. f4 c5 11. Nc2 Ned7 12. a4 h6 13. Bh4 Nh5 14. g3 Bf6 15. Bxf6 exf6
16. Bd3 f5 17. exf5 Nxf4 18. gxf4 Qh4+ 19. Kd2 Qxf4+ 20. Ne3 Ne5 21. Rf1 Qd4 22.
Qc2 b5 23. axb5 Re8 24. Ne2 Qxd3+ 25. Qxd3 Nxd3 26. Kxd3 axb5 27. fxg6 fxg6 28.
Nc3 bxc4+ 29. Nxc4 Bf5+ 30. Kd2 Rb4 31. Rf4 Rf8 32. Raf1 Ra8 33. h4 h5 34. Re1
Kg7 35. Rg1 Kh6 36. Rgf1 Ra6 37. Nd1 Rb3 38. Nde3 Bd3 39. R1f2 Bxc4 40. Nxc4 Rh3
41. Re2 Ra1 42. Nxd6 Rah1 43. Ne4 Rxh4 44. Rxh4 Rxh4 45. d6 1-0

[Event "French Top 12 2013"]
[Site "Haguenau FRA"]
[Date "2013.06.06"]
[Round "8.7"]
[White "Philippe, Christophe"]
[Black "Taddei, Benoit"]
[Result "1-0"]
[WhiteTitle "IM"]
[BlackTitle "FM"]
[WhiteElo "2372"]
[BlackElo "2374"]
[WhiteTeam "Vandoeuvre-Echecs"]
[BlackTeam "Club d'Echecs Metz Fischer"]
[WhiteFideId "610038"]
[BlackFideId "610151"]
[EventDate "2013.05.30"]

1. e4 d5 2. exd5 Qxd5 3. Nc3 Qa5 4. d4 Nf6 5. Nf3 Bf5 6. Bd2 e6 7. Ne5 Qb6 8.
Qf3 c6 9. O-O-O Bb4 10. g4 Bg6 11. h4 Nbd7 12. Nxd7 Kxd7 13. h5 Bxc3 14. Qxc3
Be4 15. f3 Bd5 16. Qa3 c5 17. c4 cxd4 18. cxd5 Nxd5 19. Bd3 h6 20. Be4 Rhc8+ 21.
Kb1 Rc5 22. Rc1 Rac8 23. Bxd5 exd5 24. Rxc5 Rxc5 25. Qa4+ Kd8 26. Re1 Rb5 27.
Qa3 Rc5 28. Bb4 Rb5 29. Bf8 Qc7 30. Bxg7 1-0

[Event "French Top 12 2013"]
[Site "Haguenau FRA"]
[Date "2013.06.06"]
[Round "8.8"]
[White "Leconte, Maria"]
[Black "Guichard, Pauline"]
[Result "1-0"]
[WhiteTitle "WGM"]
[BlackTitle "WGM"]
[WhiteElo "2225"]
[BlackElo "2351"]
[WhiteTeam "Club d'Echecs Metz Fischer"]
[BlackTeam "Vandoeuvre-Echecs"]
[WhiteFideId "618446"]
[BlackFideId "639370"]
[EventDate "2013.05.30"]

1. e4 e5 2. Nf3 Nc6 3. Nc3 Nf6 4. Bb5 Bb4 5. O-O O-O 6. d3 d6 7. Bg5 Ne7 8. Nh4
c6 9. Ba4 Ng6 10. Nxg6 fxg6 11. Bb3+ Kh8 12. f4 Qe8 13. Bxf6 Rxf6 14. fxe5 dxe5
15. Rxf6 gxf6 16. Qf3 Qe7 17. Rf1 Kg7 18. Nd1 Be6 19. Ne3 Bc5 20. Kh1 Bxe3 21.
Qxe3 b6 22. Bxe6 Qxe6 23. b3 c5 24. a4 a5 25. Qf3 Rf8 26. g4 Rh8 27. Rg1 Rf8 28.
Rf1 Rf7 29. Kg2 Qd7 30. Kg3 Rf8 31. h4 Qd6 32. Kg2 Rh8 33. h5 gxh5 34. g5 Rf8
35. Qxh5 fxg5 36. Rxf8 Kxf8 37. Qxh7 Qd4 38. Qf5+ Ke8 39. Qxg5 Qc3 40. Qh5+ Kd7
41. Qe2 Kc6 42. Qf2 Kb7 43. Kg3 Kc7 44. Kg4 Kc6 45. Qf6+ Kb7 46. Qf7+ Kc8 47.
Qc4 Qd2 48. Qe6+ Kb7 49. Qd5+ Ka7 50. Kf5 Qxd3 51. cxd3 c4 52. dxc4 1-0

[Event "French Top 12 2013"]
[Site "Haguenau FRA"]
[Date "2013.06.06"]
[Round "8.1"]
[White "Volokitin, Andrei"]
[Black "Istratescu, Andrei"]
[Result "1-0"]
[WhiteTitle "GM"]
[BlackTitle "GM"]
[WhiteElo "2687"]
[BlackElo "2651"]
[WhiteTeam "Bischwiller"]
[BlackTeam "Marseille Echecs"]
[WhiteFideId "14107090"]
[BlackFideId "1200372"]
[EventDate "2013.05.30"]

1. e4 e6 2. d4 d5 3. Nc3 Bb4 4. e5 c5 5. a3 Bxc3+ 6. bxc3 Qa5 7. Bd2 Qa4 8. Qg4
Kf8 9. Qd1 Ne7 10. Qb1 c4 11. Nh3 Nbc6 12. Nf4 Ke8 13. Nh5 Rg8 14. h4 Kd8 15.
Rh3 b6 16. Rg3 Nf5 17. Rf3 Nce7 18. g3 h6 19. Be2 Qe8 20. a4 Nc6 21. Rf4 Kc7 22.
Qb2 Bd7 23. Qa3 Qf8 24. Bc1 Qxa3 25. Bxa3 Be8 26. Rxf5 exf5 27. Nf4 Rd8 28. Bf3
g5 29. hxg5 hxg5 30. Nxd5+ Kc8 31. a5 b5 32. a6 Rh8 33. Ne7+ Kc7 34. Nxf5 b4 35.
Bxb4 Nxb4 36. cxb4 f6 37. Ra5 fxe5 38. dxe5 Bg6 39. Rc5+ Kd7 40. Nd4 Bh5 41. e6+ 1-0

[Event "French Top 12 2013"]
[Site "Haguenau FRA"]
[Date "2013.06.06"]
[Round "8.2"]
[White "Bacrot, Etienne"]
[Black "Ragger, Markus"]
[Result "1/2-1/2"]
[WhiteTitle "GM"]
[BlackTitle "GM"]
[WhiteElo "2725"]
[BlackElo "2666"]
[WhiteTeam "Marseille Echecs"]
[BlackTeam "Bischwiller"]
[WhiteFideId "605506"]
[BlackFideId "1610856"]
[EventDate "2013.05.30"]

1. Nf3 Nf6 2. c4 c5 3. d4 cxd4 4. Nxd4 Nc6 5. Nc3 e6 6. a3 Be7 7. e4 O-O 8. Nf3
Qa5 9. Bd2 Qh5 10. Be2 d5 11. cxd5 exd5 12. exd5 Nxd5 13. Nd4 Nxc3 14. Nxc6 bxc6
15. Bxc3 Qh4 16. Qd4 Qxd4 17. Bxd4 Re8 18. O-O Bf6 19. Bxf6 Rxe2 20. Bc3 Be6 21.
Rfe1 Rxe1+ 22. Rxe1 a5 23. Re5 a4 24. Rg5 g6 25. Re5 Kf8 26. f3 Ke7 27. Kf2 Kd6
28. g4 f5 29. h3 c5 30. Re2 fxg4 31. hxg4 h5 32. gxh5 gxh5 33. Re4 Bb3 34. Rf4
Be6 35. Kg3 Ke7 36. Bf6+ Kd7 37. Kh4 Rf8 38. Kg5 Bd5 39. Rf5 Rg8+ 40. Kf4 Ke6
41. Re5+ Kxf6 42. Rxd5 Rg2 43. Rxh5 Rxb2 44. Rh6+ Ke7 45. Ra6 c4 46. Rxa4 Rb3
47. Ra7+ Kd6 48. Ke4 c3 49. Kd3 c2+ 50. Kxc2 Rxf3 1/2-1/2

[Event "French Top 12 2013"]
[Site "Haguenau FRA"]
[Date "2013.06.06"]
[Round "8.4"]
[White "Delchev, Aleksander"]
[Black "Le Roux, Jean-Pierre"]
[Result "0-1"]
[WhiteTitle "GM"]
[BlackTitle "GM"]
[WhiteElo "2622"]
[BlackElo "2576"]
[WhiteTeam "Marseille Echecs"]
[BlackTeam "Bischwiller"]
[WhiteFideId "2900394"]
[BlackFideId "609404"]
[EventDate "2013.05.30"]

1. Nf3 g6 2. e4 d6 3. d4 Nf6 4. Bd3 Bg7 5. O-O O-O 6. c3 c5 7. h3 Nc6 8. d5 Na5
9. Na3 b6 10. Bg5 h6 11. Bf4 e6 12. dxe6 Bxe6 13. Bc2 d5 14. e5 Ne4 15. Re1 a6
16. c4 Ng5 17. Nxg5 hxg5 18. cxd5 Bxd5 19. Bxg5 Qxg5 20. Qxd5 Rad8 21. Qe4 Rd4
22. Qe3 Qxe3 23. Rxe3 Rd2 24. Rae1 b5 25. R3e2 Rfd8 26. f4 Nc6 27. Kf2 g5 28. g3
gxf4 29. gxf4 Rxe2+ 30. Rxe2 Nd4 31. Rd2 Bh6 32. Ke3 Re8 33. Rg2+ Kf8 34. Ke4
f5+ 35. Kd5 Bxf4 36. Kxc5 Bxe5 37. Kd5 Kf7 38. Bd1 Kf6 39. Kc5 Rd8 40. Kb6 Rd6+
41. Kb7 Ne6 42. Bf3 Nc5+ 43. Ka8 Rd3 44. Bc6 Rxh3 45. b3 Ke7 46. Rg6 Rh2 47. b4
Ne6 48. Rg2 Rh7 49. Rd2 Bd4 50. Nc2 Kd6 51. Nxd4 Nxd4 52. Bb7 Ke5 53. Bxa6 Nc6
54. Bb7 Rh8+ 55. Bc8 Rxc8+ 56. Kb7 Rd8 57. Re2+ Kd5 58. Rc2 0-1

[Event "French Top 12 2013"]
[Site "Haguenau FRA"]
[Date "2013.06.06"]
[Round "8.5"]
[White "Netzer, Jean"]
[Black "Gozzoli, Yannick"]
[Result "1/2-1/2"]
[WhiteTitle "IM"]
[BlackTitle "GM"]
[WhiteElo "2406"]
[BlackElo "2530"]
[WhiteTeam "Bischwiller"]
[BlackTeam "Marseille Echecs"]
[WhiteFideId "623350"]
[BlackFideId "616915"]
[EventDate "2013.05.30"]

1. e4 e5 2. Nf3 Nc6 3. Bc4 Bc5 4. b4 Bxb4 5. c3 Ba5 6. d4 exd4 7. O-O Nge7 8.
Ng5 d5 9. exd5 Ne5 10. Bb3 O-O 11. Nxh7 Kxh7 12. Qh5+ Kg8 13. Qxe5 Nf5 14. Bd2
c5 15. dxc6 bxc6 16. Qe4 Qf6 17. Qf3 Qg6 18. Re1 Bc7 19. Bf4 Nh4 20. Qg3 Bxf4
21. Qxh4 Bg5 22. Qg3 Qh6 23. h3 Bh4 24. Qf3 Qf6 25. Qxf6 Bxf6 26. Nd2 dxc3 27.
Ne4 Bd4 28. Rac1 Bf5 29. Nxc3 Rfe8 30. Ne2 Bb6 31. Ng3 Bd3 32. Red1 Rad8 33.
Rxc6 Bb5 34. Rxd8 Rxd8 35. Rc2 g6 36. Kh2 Kg7 37. Kg1 Rd1+ 38. Kh2 Re1 39. h4 f5
40. a4 Ba6 41. f4 Rb1 42. Bc4 Bg1+ 43. Kh3 Bxc4 44. Rxc4 Rb3 45. Rc2 Ra3 46. h5
Be3 47. Rc6 Bxf4 48. Rxg6+ Kh7 49. Kh4 Bxg3+ 50. Rxg3 Rxa4+ 51. Kh3 Kh6 52. Rf3
Kg5 53. h6 Ra6 54. h7 Rh6+ 55. Kg3 Rxh7 56. Ra3 Rf7 57. Ra6 Rb7 58. Kf3 1/2-1/2

[Event "French Top 12 2013"]
[Site "Haguenau FRA"]
[Date "2013.06.06"]
[Round "8.6"]
[White "Maze, Sebastien"]
[Black "Kosten, Anthony C."]
[Result "1/2-1/2"]
[WhiteTitle "GM"]
[BlackTitle "GM"]
[WhiteElo "2543"]
[BlackElo "2479"]
[WhiteTeam "Marseille Echecs"]
[BlackTeam "Bischwiller"]
[WhiteFideId "613762"]
[BlackFideId "400114"]
[EventDate "2013.05.30"]

1. e4 e5 2. Nf3 Nc6 3. Bb5 Nf6 4. d3 Bc5 5. Bxc6 dxc6 6. Qe2 Qe7 7. Be3 Bg4 8.
Nbd2 Nd7 9. h3 Bh5 10. Nc4 f6 11. a3 a5 12. O-O O-O 13. Rfe1 b5 14. Ncd2 a4 15.
Nf1 Rfd8 16. Ng3 Bxf3 17. Qxf3 Bxe3 18. fxe3 c5 19. Rf1 Nb6 20. Rf2 Nc8 21. h4
Nd6 22. h5 h6 23. Raf1 Qe6 24. c3 Re8 25. Re2 Rad8 26. d4 cxd4 27. exd4 exd4 28.
cxd4 Nf7 29. Qc3 Qg4 30. Re3 Ng5 31. Rfe1 Kh8 32. d5 Re5 33. Qc6 Qd7 34. Qxd7
Rxd7 35. Nf5 Nf7 36. g4 Nd6 37. Kf2 Rd8 38. Nxd6 cxd6 39. Rc1 Re7 40. Rc6 Rb7
41. Rec3 b4 42. Rc8 Rg8 43. R3c7 bxa3 44. Rxb7 Rxc8 45. bxa3 Rc3 46. Rd7 Rxa3
47. Rxd6 Kg8 48. Rd8+ Kf7 49. Rd7+ Kf8 50. Ra7 Ra1 51. Ke2 a3 52. Kf3 a2 53. Kg2
Ke8 1/2-1/2

[Event "French Top 12 2013"]
[Site "Haguenau FRA"]
[Date "2013.06.06"]
[Round "8.7"]
[White "Marcelin, Cyril"]
[Black "Collas, Didier"]
[Result "0-1"]
[WhiteTitle "GM"]
[BlackTitle "IM"]
[WhiteElo "2488"]
[BlackElo "2394"]
[WhiteTeam "Bischwiller"]
[BlackTeam "Marseille Echecs"]
[WhiteFideId "607274"]
[BlackFideId "602680"]
[EventDate "2013.05.30"]

1. c4 e6 2. g3 d5 3. Bg2 d4 4. b4 c5 5. Nf3 cxb4 6. a3 Nc6 7. d3 bxa3 8. O-O Nf6
9. Nxa3 Be7 10. Nc2 e5 11. Ba3 O-O 12. Qc1 Re8 13. Qb2 h6 14. Rfb1 Bxa3 15. Rxa3
Bf5 16. Rb3 b6 17. Ra3 Rc8 18. Nh4 Bd7 19. Bxc6 Bxc6 20. Rxa7 b5 21. cxb5 Qb6
22. Ra2 Bb7 23. Na3 e4 24. Nc4 Qe6 25. Ra7 exd3 26. Rxb7 dxe2 27. Ne3 dxe3 28.
f3 Qd5 0-1

[Event "French Top 12 2013"]
[Site "Haguenau FRA"]
[Date "2013.06.06"]
[Round "8.8"]
[White "Malassagne, Isabelle"]
[Black "Maisuradze, Nino"]
[Result "0-1"]
[BlackTitle "WGM"]
[WhiteElo "1985"]
[BlackElo "2304"]
[WhiteTeam "Marseille Echecs"]
[BlackTeam "Bischwiller"]
[WhiteFideId "20670265"]
[BlackFideId "13601717"]
[EventDate "2013.05.30"]

1. d4 Nf6 2. c4 c5 3. d5 e6 4. Nc3 exd5 5. cxd5 d6 6. e4 g6 7. Nf3 Bg7 8. Be2
O-O 9. O-O Re8 10. Qc2 Bg4 11. Re1 Nbd7 12. Nd2 Bxe2 13. Rxe2 a6 14. Nc4 Ne5 15.
Nxe5 Rxe5 16. a4 b6 17. Bf4 Re8 18. Ra3 Nh5 19. Bc1 Qd7 20. Rb3 Reb8 21. Qd3 b5
22. axb5 axb5 23. Rxb5 Rxb5 24. Qxb5 Qxb5 25. Nxb5 Nf4 26. Re1 Nd3 27. Rf1 Ra6
28. g3 Rb6 29. Nc3 Nxb2 30. Bxb2 Rxb2 31. Rc1 Bd4 32. Nd1 Re2 33. Ne3 Rxe3 0-1

[Event "French Top 12 2013"]
[Site "Haguenau FRA"]
[Date "2013.06.06"]
[Round "8.2"]
[White "Szabo, Krisztian1"]
[Black "Wojtaszek, Radoslaw"]
[Result "1/2-1/2"]
[WhiteTitle "GM"]
[BlackTitle "GM"]
[WhiteElo "2545"]
[BlackElo "2701"]
[WhiteTeam "Grasse Echecs"]
[BlackTeam "Mulhouse Philidor"]
[WhiteFideId "722901"]
[BlackFideId "1118358"]
[EventDate "2013.05.30"]

1. e4 c6 2. c4 d5 3. exd5 cxd5 4. cxd5 Nf6 5. Nc3 Nxd5 6. Nf3 Nxc3 7. bxc3 g6 8.
Bb5+ Bd7 9. a4 Bg7 10. O-O O-O 11. Re1 a6 12. Bc4 Nc6 13. Ba3 Bf6 14. d4 Rc8 15.
Nd2 Bf5 16. Bf1 Na5 17. Bb4 Re8 18. Ne4 Bxe4 19. Rxe4 Nc4 20. Bc5 Nd6 21. Re3
Nf5 22. Rd3 b6 23. Ba3 Nd6 24. Rb1 Nc4 25. Bc1 Qd5 26. g3 e6 27. Bg2 Qd7 28. h4
Bg7 29. h5 b5 30. axb5 axb5 31. Bf1 Rb8 32. hxg6 hxg6 33. Bf4 Rb6 34. Qb3 Rc8
35. Rdd1 Qd5 36. Bg2 Qd7 37. Bf1 Qd5 38. Bg2 Qd7 1/2-1/2

[Event "French Top 12 2013"]
[Site "Haguenau FRA"]
[Date "2013.06.06"]
[Round "8.3"]
[White "Navara, David"]
[Black "Apicella, Manuel"]
[Result "1-0"]
[WhiteTitle "GM"]
[BlackTitle "GM"]
[WhiteElo "2697"]
[BlackElo "2532"]
[WhiteTeam "Mulhouse Philidor"]
[BlackTeam "Grasse Echecs"]
[WhiteFideId "309095"]
[BlackFideId "600164"]
[EventDate "2013.05.30"]

1. d4 e6 2. c4 Nf6 3. Nf3 d5 4. Nc3 Be7 5. Bg5 Nbd7 6. e3 O-O 7. Rc1 a6 8. cxd5
exd5 9. Bd3 c6 10. Qc2 Re8 11. O-O Nf8 12. h3 Ne4 13. Bxe7 Qxe7 14. Bxe4 dxe4
15. Nd2 Bf5 16. f4 Rad8 17. Ne2 Qh4 18. Qb3 Rd6 19. Rc5 Be6 20. Qb4 Bxh3 21. Rg5
Rg6 22. gxh3 Qxh3 23. Qb3 h6 24. Rxg6 Nxg6 25. Rf2 Nh4 26. Rh2 Qg4+ 27. Kf2 Re6
28. Qxb7 Rg6 29. Qb8+ Kh7 30. f5 Rf6 31. Ke1 Ng2+ 32. Rxg2 Qxg2 33. Ng3 h5 34.
Qf4 Rh6 35. Ngxe4 f6 36. Qh4 Qg1+ 37. Ke2 Qa1 38. b3 Qg1 39. a4 a5 40. Nd6 Qg2+
41. Qf2 Qd5 42. Qh2 h4 43. e4 Qg8 44. Qh3 Qf8 45. N2c4 Kg8 46. e5 fxe5 47. dxe5
Qe7 48. e6 Qf6 49. Qe3 Qe7 50. Nc8 Qe8 51. e7 h3 52. N8d6 Qh5+ 53. Kd2 h2 54.
e8=Q+ Kh7 55. Nf7 Qxf7 56. Qxh6+ 1-0